000 00507nam a2200169Ia 4500
008 140925s9999 xx 000 0 und d
245 4 _aThe Journal for Vocational Special Needs Education /
_h[electronic resource]
260 _bJVSNE,
_cc2008.
516 _aElectronic text
650 _aJournal.
650 _aSpecial Education.
650 _aVocational Education.
830 _aJVSNE,
856 _uhttp://specialpopulations.org/journal_link_page.htm
942 _cEJ
999 _c275727
_d275727